000 00590nam a2200181Ia 4500
008 190805s9999||||xx |||||||||||||| ||und||
020 _a9789810204211
_c
_49.00
082 0 4 _a627.042
_bD344
100 1 _aDean, Rober G.
245 1 0 _aWater Wave Mechanics for Engineers and Scientists /
_cRober G. Dean and Robert A. Dalrymple
260 _aNew Jersey :
_bWorld Scientific,
_c1991
300 _axiii, 353 p.
_b :
_c; 23 cm.
490 0 0 _aAdvanced Series on Ocean Engineering;
_vVol. 2
650 0 _aWater waves
700 1 _aDalrymple, Robert A.
942 _cBK
999 _c311
_d311